| 000 | 01435cam a22003857a 4500 | ||
|---|---|---|---|
| 003 | CHAP | ||
| 005 | 20220329142655.0 | ||
| 008 | 020913d1990 mx r 00110 spa d | ||
| 010 | _a86328 | ||
| 011 | _a87300 | ||
| 035 | _a97843 | ||
| 040 | _cCHAP | ||
| 090 | _aTesis | ||
| 100 | 0 | 0 |
_aGutiérrez Aroyo, Leopoldo Alejandro. _951623 |
| 245 | 1 | 0 |
_aPropuesta de metodología para la presentación de proyectos de plantaciones comerciales, por obra pública _c/por Leopoldo Alejandro Gutierrez Arroyo |
| 260 |
_aChapingo, Méx. : _bEl autor, _c1990. |
||
| 300 |
_a183 h. ; _bgráfs. |
||
| 502 | _aTesis (Ing. Agr. Esp. en Bosques) -- UACH. División de Ciencias Forestales | ||
| 590 |
_aALEPH _b10 _c20130110 _lUCH01 _h1449 |
||
| 590 |
_aBATCH-UPD _b10 _c20130110 _lUCH01 _h0306 |
||
| 590 |
_aBATCH-UPD _b10 _c20130110 _lUCH01 _h1653 |
||
| 590 |
_aBATCH-UPD _b10 _c20130409 _lUCH01 _h2337 |
||
| 590 |
_aBATCH-UPD _b10 _c20130914 _lUCH01 _h1557 |
||
| 590 |
_aCONVERSION _b10 _c20130109 _lUCH01 _h1348 |
||
| 650 | 1 | 4 |
_aPlantación de árboles. _988782 |
| 650 | 1 | 4 |
_aProyectos _xDiseño. _992524 |
| 650 | 1 | 4 |
_aProyectos _xFinanciamiento. _992526 |
| 650 | 1 | 4 |
_aReforestación _xMéxico. _995498 |
| 650 | 1 | 4 |
_aSilvicultura sustentable. _9106136 |
| 901 | _aBK | ||
| 905 | _aMayto Villalobos S. | ||
| 942 | _cFOLL | ||
| 949 |
_aTesis _bBC _cTES _d33724000877577 _eTS2 _fc.2 _h40010 _i97843 _si |
||
| 949 |
_aTesis _bBC _cTES _d97843123 _eTS1 _h40009 _i97843 _sb |
||
| 999 |
_c86328 _d86328 |
||